Monitorovanie e-mailov zamestnancov zo strany zamestnávateľa

Monitorovanie e-mailov - názory zamestnávateľov a zamestnancov. Právny základ problematiky. Podstata problému. Náčrt možných riešení. Uvedený problém sa už rozoberal aj na pôde Rady Európy.

Gespeichert in:
Bibliographische Detailangaben
1. Verfasser: Horváth, Edmund
Format: Buchkapitel
Sprache:Slowakisch
Schlagworte:
Tags: Tag hinzufügen
Keine Tags, Fügen Sie das erste Tag hinzu!

MARC

LEADER 00000naa$a2200000$$$4500
001 0024288
005 20230919094843.1
041 0 |a slo 
044 |a SK 
245 1 0 |a Monitorovanie e-mailov zamestnancov zo strany zamestnávateľa  |c Edmund Horváth 
520 |a Monitorovanie e-mailov - názory zamestnávateľov a zamestnancov. Právny základ problematiky. Podstata problému. Náčrt možných riešení. Uvedený problém sa už rozoberal aj na pôde Rady Európy. 
610 2 0 |a pošta elektronická 
610 2 0 |a zamestnávatelia 
610 2 0 |a zamestnanci 
610 2 0 |a právo 
100 1 |a Horváth, Edmund